Miasta kończące się na R według podpowiedzi - Statystyki

Ogólne statystyki
  • Ten quiz został rozwiązany 14 razy
  • Średni wynik to 7 z 20
Statystyki odpowiedzi
Wskazówka Miasto % Poprawnych
Stolica Mongolii Ułan Bator
77%
Najbardziej wysunięte na zachód miasto w Afryce Dakar
69%
Miasto wież Petronas Twin Towers Kuala Lumpur
69%
Tangerynki wzięły swoją nazwę od tego miasta w Maroku Tanger
62%
Największe miasto w Kolumbii Brytyjskiej Vancouver
54%
Angielskie miasto znane z białych klifów Dover
46%
Tureckie miasto dawniej znane jako Smyrna Izmir
46%
Angielskie miasto, kiedyś nazywane „Cottonopolis” ze względu na liczne fabryki włókiennicze Manchester
46%
Najludniejszy obszar zurbanizowany w Górach Skalistych Denver
38%
Ludzie odwiedzają to egipskie miasto, aby zobaczyć Dolinę Królów Luksor
38%
Francuskie miasto położone nad Morzem Śródziemnym, od którego pochodzi nazwa stolicy Vermont Montpellier
31%
Jego nazwa w języku hiszpańskim oznacza „Święty Zbawiciel” San Salvador
31%
Dynastia rządząca Wielką Brytanią w latach 1714–1901 pochodziła z tego miasta w Niemczech Hanower
15%
Drużyna piłkarska Premier League z tego miasta zdobyła tytuł w 2016 roku, pokonując kurs 5000 do 1 Leicester
15%
Norweski gospodarz Zimowych Igrzysk Olimpijskich 1994 Lillehammer
15%
Główne miasto na wyspie Bali Denpasar
8%
Drugie pod względem liczby ludności miasto w Afganistanie, założone przez Aleksandra Wielkiego Kandahar
8%
Miasto w indyjskim regionie Pendżab, w którym znajduje się sikhijska „Złota Świątynia” Amritsar
0%
Jest to siedziba Uniwersytetu Michigan, a także trzeci co do wielkości stadion na świecie Ann Arbor
0%
Miasto w centrum Londynu, w którym znajdują się Izba Gmin i Pałac Buckingham Westminster
0%
Nie znaleziono quizów pasujących do podanych kryteriów
Rozkład punktacji
Procent ludzi z każdym wynikiem
Percentyl według liczby udzielonych odpowiedzi
Twoja historia wyników
Nie rozwiązałeś tego quizu